000 00889nam a2200253 i 4500
001 12388
003 ES-MaACL
005 20231218193657.0
007 t|
008 921127s1991 sp |||| | spa d
020 _a84-7947-008-9
080 _a860(460.41)-14"19"(082.2)
245 0 0 _aPoesía de la segunda mitad del siglo XIX /
_cedición de María Rosa Alonso.
260 _a[Santa Cruz de Tenerife] :
_bViceconsejería de Cultura y Deportes,
_c1991.
300 _a297 p ;
_c22 cm.
490 1 _aBiblioteca básica canaria ;
_v20
504 _aBibliografía: p. 16-18.
650 4 _aPoesías españolas-
_zCanarias.
_9168112
700 1 _aAlonso, María Rosa,
_d1909-2011
_920233
710 1 _aCanarias.
_bViceconsejería de Cultura y Deportes.
_92427
830 0 _aBiblioteca básica canaria ;
_v20
_9177611
852 _aES-MaACL
_jL-19764
999 _c12388
_d12388